Bình Phước hai mươi năm một chặng đường phát triển
Zapisane w:
| 1. autor: | |
|---|---|
| Format: | Książka |
| Język: | Undetermined |
| Hasła przedmiotowe: | |
| Dostęp online: | http://lrc.tdmu.edu.vn/opac/search/detail.asp?aID=2&ID=34608 |
| Etykiety: |
Dodaj etykietę
Nie ma etykietki, Dołącz pierwszą etykiete!
|
| Thư viện lưu trữ: | Trung tâm Học liệu Trường Đại học Thủ Dầu Một |
|---|
| LEADER | 00627nam a2200133Ia 4500 | ||
|---|---|---|---|
| 001 | TDMU_34608 | ||
| 008 | 210410s9999 xx 000 0 und d | ||
| 082 | |a 370.71 | ||
| 100 | |a Nguyễn, Văn Lợi | ||
| 245 | 0 | |a Bình Phước hai mươi năm một chặng đường phát triển | |
| 300 | |a Tr.71-75 | ||
| 650 | |a Lịch sử |z Bình Phước(Việt Nam); Phát triển; Công nghiệp hóa; Kinh tế; Chính trị; Y tế; Bình Phước | ||
| 856 | |u http://lrc.tdmu.edu.vn/opac/search/detail.asp?aID=2&ID=34608 | ||
| 980 | |a Trung tâm Học liệu Trường Đại học Thủ Dầu Một | ||